| 000 | 00354nam a2200133Ia 4500 | ||
|---|---|---|---|
| 008 | 240624s9999 xx 000 0 und d | ||
| 041 | _aeng | ||
| 082 | _a519.5 CHA | ||
| 100 | _aCHANDRA T K | ||
| 245 | _aFIRST COURSE IN ASYMPTOTIC THEORY OF STA | ||
| 260 |
_c1999 _aNew Delhi _bNarosa Publishing House Pvt. Ltd. |
||
| 300 | _a264 : p. | ||
| 365 |
_cRS _b30 |
||
| 999 |
_c12607 _d12607 |
||